000 01140nam a22002057a 4500
003 JO-AjAnu
005 20240708090916.0
008 240708b jo ||||| |||| 00| 0 ara d
040 _aJO-AjAnu
_bara
_cJO-AjAnu
_erda
041 _aara
_hara
050 _aKMM250.6
_b2024
100 1 _aالصمادي، امير طارق محمد
_eمعد
_966042
245 0 _aالصلاحيات الممنوحة للهيئة المستقلة للانتخابات في ضوء التعديلات الدستورية" دراسة تحليلية" = The Powers Granted to The Independent Electoral Commission in Light of constitutional Amendments " Analytical Study" /
_cاعداد امير طارق محمد الصمادي؛ اشراف هاشم احمد بلص
260 _c2024
300 _a76 ورقة
500 _aرسالة جامعية ( رسالة ماجستير في القانون) جامعة عجلون الوطنية(عجلون، الاردن)، كلية الحقوق،2024.
650 7 0 _aالانتخابات- قوانين وتشريعات - الاردن
_966043
700 1 _aبلص، هاشم احمد
_eمشرف
_966044
942 _2lcc
_cTHS
_n0
999 _c33573
_d33573